Metodología de la investigación científica (Registro nro. 3314)

Detalles MARC
000 -LEADER
fixed length control field 01042 a2200229 4500
001 - CONTROL NUMBER
control field 40842
005 - DATE AND TIME OF LATEST TRANSACTION
control field 20260407155703.0
008 - FIXED-LENGTH DATA ELEMENTS--GENERAL INFORMATION
fixed length control field 260407a2015 arg spa d
003 - CONTROL NUMBER IDENTIFIER
control field AR-UNSa-BCEJYS
040 ## - CATALOGING SOURCE
Original cataloging agency AR-UNSa-BCEJYS
Language of cataloging spa
Transcribing agency AR-UNSa-BCEJYS
080 ## - UNIVERSAL DECIMAL CLASSIFICATION NUMBER
Universal Decimal Classification number 001.8
Common auxiliary subdivision Metodología. Estudio general del método. Procedimientos científicos y técnicos para el estudio, La investigación y la discusión
020 ## - INTERNATIONAL STANDARD BOOK NUMBER
International Standard Book Number 978-987-538-419-4
041 ## - LANGUAGE CODE
Language code of text/sound track or separate title spa
100 1# - MAIN ENTRY--PERSONAL NAME
Personal name Iglesias, María Emilia
245 10 - TITLE STATEMENT
Title Metodología de la investigación científica
Name of part/section of a work diseño y elaboración de protocolos y proyectos
264 #1 - PRODUCTION, PUBLICATION, DISTRIBUTION, MANUFACTURE, AND COPYRIGHT NOTICE
Place of production, publication, distribution, manufacture Buenos Aires :
Name of producer, publisher, distributor, manufacturer Noveduc
Date of production, publication, distribution, manufacture, or copyright notice 2015
300 ## - PHYSICAL DESCRIPTION
Extent 172 p.
Dimensions 28 cm.
505 ## - FORMATTED CONTENTS NOTE
Formatted contents note 1. Investigación y ciencia - 2. El proceso de investigación - 3. El problema - 4. El marco - 5. La hipótesis - 6. El diseño - 7. La población - 8. Los datos - 9. La propuesta
590 ## - LOCAL NOTE (RLIN)
Local note niveau_biblio:m niveau_hierar:0
856 41 - ELECTRONIC LOCATION AND ACCESS
Uniform Resource Identifier <a href="https://biblioeco.unsa.edu.ar/pmb/images/libros/L126300.jpg">https://biblioeco.unsa.edu.ar/pmb/images/libros/L126300.jpg</a>
Link text Imagen de portada
Electronic format type image/jpeg
942 ## - ADDED ENTRY ELEMENTS (KOHA)
Koha item type
Existencias
Withdrawn status Lost status Damaged status Not for loan Home library Current library Shelving location Date acquired Total checkouts Full call number Barcode Date last seen Price effective from Koha item type
        Biblioteca Prof. Eusebio Cleto del Rey Biblioteca Prof. Eusebio Cleto del Rey   07/04/2026   001.8 I25 L126300 07/04/2026 07/04/2026 Libro
        Biblioteca Prof. Eusebio Cleto del Rey Biblioteca Prof. Eusebio Cleto del Rey   07/04/2026   001.8 I25 L126301 07/04/2026 07/04/2026 Libro